Normal view
MARC view
Entry Término temático
001 - NÚMERO DE CONTROL
- campo de control: 29054
003 - IDENTIFICADOR DEL NÚMERO DE CONTROL
- campo de control: FranzMayer
005 - FECHA Y HORA DE LA ÚLTIMA TRANSACCIÓN
- campo de control: 20230816135148.0
008 - DATOS DE LONGITUD FIJA
- campo de control de longitud fija: 230816|| aca||aabn | a|a d
040 ## - FUENTE DE LA CATALOGACIÓN
- Centro catalogador/agencia de origen: FranzMayer
- Centro/agencia transcriptor: FranzMayer
150 ## - ENCABEZAMIENTO--TÉRMINO DE MATERIA
- Término de materia o nombre geográfico como elemento de entrada: Museos de artes o galerias
- Subdivisión de forma: Museos privados o de instituciones privadas
670 ## - FUENTE DE DATOS ENCONTRADOS
- Cita de la fuente: Work cat.: (FranzMayer)10937: Autor Mathenson, Susan B. 29052, Art for Yale, 2001